Catalog

Record Details

Catalog Search



Slovo a slova  Cover Image Book Book

Slovo a slova / Alexander Havránek

Record details

  • Physical Description: 144 s.
  • Publisher: Praha Církev bratrská 1975

Available copies

  • 2 of 2 copies available at Common Catalog SPOK.

Holds

  • 0 current holds with 2 total copies.
Show Only Available Copies
Location Call Number / Copy Notes Barcode Shelving Location Status Due Date
ETS Library 230.044 424470004669 Volný výběr Available -
ETS Library 230.044 424470009433 Volný výběr Available -

LDR 00621nam a2 00229
00135805
003CZ-PrJAB
00520030808000000.0
008030808s1975 xr e |||| |cze
009cz
035 . ‡a(CONS)8416
035 . ‡aKPS3485
041 . ‡acze
08214. ‡a230.044
100 . ‡72029 ‡aHavránek, Alexandr
245 . ‡aSlovo a slova / ‡cAlexander Havránek
260 . ‡aPraha ‡bCírkev bratrská ‡c1975
300 . ‡a144 s.
653 . ‡aSlovo a slova
8524 . ‡bETS ‡bETS ‡cVolný výběr ‡j230.044 ‡gA ‡p424470009433
8524 . ‡bETS ‡bETS ‡cVolný výběr ‡j230.044 ‡gA ‡p424470004669
910 . ‡aABG450
999 . ‡a8416 ‡bAUTOGEN ‡c8416 ‡tbiblio
905 . ‡uadmin
901 . ‡a35805 ‡b ‡c35805 ‡tbiblio ‡sets

Additional Resources